Normal view MARC view

Entry Topical Term

Number of records used in: 1

001 - CONTROL NUMBER

  • control field: 755155

003 - CONTROL NUMBER IDENTIFIER

  • control field: OSt

005 - DATE AND TIME OF LATEST TRANSACTION

  • control field: 20250507130318.0

008 - FIXED-LENGTH DATA ELEMENTS

  • fixed length control field: 250507|| aca||aabn | a|a d

040 ## - CATALOGING SOURCE

  • Original cataloging agency: OSt
  • Transcribing agency: OSt

150 ## - HEADING--TOPICAL TERM

  • Topical term or geographic name entry element: China - NPC - Sixth; CEL

670 ## - SOURCE DATA FOUND

  • Source citation: Work cat.: (OSt)1318925: Foreign Languages Press, Third session of the Sixth National People's Congress (March 1985), 1985
Copyright @ Delhi University Library System